[Event "Mumbai Aurionpro U14 op"]
[Site "Mumbai"]
[Date "2025.06.22"]
[Round "7"]
[White "Perecharla, Hariram Saikrishna"]
[Black "Arav, Vinod"]
[Result "1-0"]
[WhiteElo "1906"]
[BlackElo "1720"]
[PlyCount "159"]
[EventDate "2025.06.16"]
[EventType "swiss"]
[EventRounds "9"]
[EventCountry "IND"]
[SourceTitle "CB26_2025"]
[SourceDate "2025.06.25"]
[SourceVersion "1"]
[SourceVersionDate "2025.06.25"]
[SourceQuality "1"]

1. e4 c5 2. Nf3 d6 3. d4 cxd4 4. Nxd4 Nf6 5. Nc3 a6 6. Bg5 e6 7. f4 h6 8. Bh4 Nbd7 9. Qf3 e5 10. Nf5 exf4 11. Qxf4 g5 12. Nxd6+ Bxd6 13. Qxd6 gxh4 14. e5 Qe7 15. Qxe7+ Kxe7 16. exf6+ Nxf6 17. 0-0-0 Rg8 18. h3 Be6 19. Rd4 Nh5 20. Rg1 Ng3 21. Bd3 h5 22. Rxh4 Rg5 23. Ne4 Nxe4 24. Bxe4 Bd5 25. Bxd5 Rxd5 26. Re1+ Kf6 27. Rf4+ Kg6 28. Re7 Rad8 29. b3 Rd1+ 30. Kb2 R1d2 31. Rfxf7 Rc8 32. Rg7+ Kf6 33. Ref7+ Ke6 34. Rc7 Rxg2 35. Rxc8 Rxg7 36. Rc5 Rh7 37. h4 Kf6 38. Rg5 Rh8 39. a4 Rh7 40. a5 Rh8 41. c4 Rh7 42. b4 Ke6 43. Kc3 Kd6 44. Kd4 Ke6 45. b5 axb5 46. cxb5 Kd6 47. Rg6+ Kc7 48. Kc5 Rf7 49. Rg5 Rh7 50. b6+ Kd7 51. Kb5 Rh8 52. Rg7+ Kc8 53. Rc7+ Kb8 54. Rc5 Rh7 55. Kc4 Rh8 56. Kd4 Rd8+ 57. Ke4 Rd1 58. Kf4 Rg1 59. Rxh5 Kc8 60. Rd5 Rf1+ 61. Kg5 Rg1+ 62. Kf6 Rf1+ 63. Kg7 Rg1+ 64. Kh7 Rh1 65. h5 Rh4 66. h6 Rh1 67. Kg6 Rg1+ 68. Rg5 Rh1 69. h7 Kd7 70. Rh5 Rg1+ 71. Kh6 Rc1 72. h8Q Rc6+ 73. Kg7 Re6 74. Rc5 Re7+ 75. Kf6 Re6+ 76. Kf5 Rc6 77. Qg7+ Kd8 78. Qf8+ Kd7 79. Rd5+ Rd6 80. Rxd6# 1-0

[Event "Mumbai Aurionpro U14 op"]
[Site "Mumbai"]
[Date "2025.06.20"]
[Round "5"]
[White "Perecharla, Hariram Saikrishna"]
[Black "Kushagra, Paliwal"]
[Result "0-1"]
[WhiteElo "1906"]
[BlackElo "1741"]
[PlyCount "118"]
[EventDate "2025.06.16"]
[EventType "swiss"]
[EventRounds "9"]
[EventCountry "IND"]
[SourceTitle "CB26_2025"]
[SourceDate "2025.06.25"]
[SourceVersion "1"]
[SourceVersionDate "2025.06.25"]
[SourceQuality "1"]

1. e4 d5 2. exd5 Nf6 3. d4 Qxd5 4. Nc3 Qd6 5. Nf3 a6 6. g3 Bg4 7. Bg2 Nc6 8. Bf4 Qe6+ 9. Ne2 Nd5 10. 0-0 0-0-0 11. Re1 Qf5 12. c3 f6 13. Nh4 Qd7 14. Bc1 g5 15. Nf3 h5 16. Nd2 h4 17. Ne4 hxg3 18. fxg3 Qe8 19. Nf2 Bf5 20. g4 Bg6 21. Nh1 Qf7 22. Nhg3 e5 23. Qb3 exd4 24. cxd4 Qd7 25. Bd2 Bf7 26. Qf3 Bd6 27. h3 Rdf8 28. Nf5 Be6 29. Rac1 Bxf5 30. gxf5 Nde7 31. Rf1 Rfg8 32. Ng3 Bxg3 33. Qxg3 Nxf5 34. Qd3 Qxd4+ 35. Qxd4 Nfxd4 36. Rxf6 Ne2+ 37. Kh2 Nxc1 38. Bxc1 g4 39. Rf7 Ne5 40. Rf4 Nd3 41. Rf1 g3+ 42. Kg1 Nf2 43. Rxf2 gxf2+ 44. Kxf2 Rf8+ 45. Ke2 Re8+ 46. Kf2 Rhf8+ 47. Bf3 Re6 48. Kg3 Rg6+ 49. Bg4+ Kd8 50. Bf4 c5 51. Be5 b5 52. Kh4 Ke7 53. Kh5 Rfg8 54. Kh4 b4 55. Kg3 c4 56. Kf4 Rc6 57. Bd1 c3 58. bxc3 bxc3 59. Bc2 Rg2 0-1

[Event "Mumbai Aurionpro U14 op"]
[Site "Mumbai"]
[Date "2025.06.19"]
[Round "4"]
[White "Aradhy, Roy"]
[Black "Perecharla, Hariram Saikrishna"]
[Result "1/2-1/2"]
[WhiteElo "1679"]
[BlackElo "1906"]
[PlyCount "53"]
[EventDate "2025.06.16"]
[EventType "swiss"]
[EventRounds "9"]
[EventCountry "IND"]
[SourceTitle "CB26_2025"]
[SourceDate "2025.06.25"]
[SourceVersion "1"]
[SourceVersionDate "2025.06.25"]
[SourceQuality "1"]

1. e4 c5 2. Nf3 d6 3. Bb5+ Bd7 4. c4 Nc6 5. Nc3 Nf6 6. d4 cxd4 7. Nxd4 a6 8. Bxc6 bxc6 9. 0-0 g6 10. f4 Qc7 11. h3 Bg7 12. Be3 0-0 13. Qd2 Rab8 14. Nb3 Be6 15. Qd3 Rb4 16. Nd2 Nd7 17. b3 Nc5 18. Qc2 a5 19. Rab1 Rb7 20. Kh1 Rfb8 21. Bxc5 dxc5 22. Na4 Bd4 23. Kh2 Kg7 24. Kh1 Kg8 25. Kh2 Kg7 26. Kh1 Kg8 27. Kh2 1/2-1/2